000 00421nam a2200181Ia 4500
001 9495
005 20260306161722.0
008 260306t1997||||xx |||||||||||||| ||spa||
041 _aESP
082 _a379.285
_bC14
100 _aCáceres Valdivia, Eduardo
_eAUT
245 0 _aEducación y ciudadanía
260 _c1997
300 _a198 páginas :
_c
650 _aGEN
654 _aCED
942 _cLIB
_dJUS
_fJUS
_2ddc
_n
999 _c9495
_d9495